000 00543cam a2200181 4500500
005 20260329004047.0
041 _afre
042 _adc
100 1 0 _aNathan, Tobie
_eauthor
245 0 0 _aCatastrophes ferroviaires. La peur déraille
260 _c2018.
500 _a41
690 _aPeur
690 _aTobie Nathan
690 _aTrain
786 0 _nPhilosophie magazine | 120 | 6 | 2018-06-01 | p. 13-13 | 1951-1787
856 4 1 _uhttps://shs.cairn.info/magazine-philosophie-magazine-2018-6-page-13?lang=fr&redirect-ssocas=7080
999 _c1830244
_d1830244